[Event "Torneio Nacional de Mestres e Honra"]
[Site "Centro de Estagio do Jamor"]
[Date "2019.08.15"]
[Round "4.10"]
[White "Lavrador, Rodolfo"]
[Black "Santos, Ruben"]
[Result "1/2-1/2"]
[BlackElo "1722"]
[WhiteElo "1840"]
[WhiteTeam "Clube Edp - Lisboa"]
[BlackTeam "Estrelas S. Joao Brito"]
[LiveChessVersion "1.4.8"]

1. e4 {[%clk 1:30:56]} c5 {[%clk 1:30:48]} 2. Nf3 {[%clk 1:30:47]} d6
{[%clk 1:31:02]} 3. d4 {[%clk 1:30:31]} cxd4 {[%clk 1:31:19]} 4. Nxd4
{[%clk 1:30:44]} Nf6 {[%clk 1:31:31]} 5. Nc3 {[%clk 1:30:39]} g6 {[%clk 1:31:39]}
6. Be2 {[%clk 1:28:01]} Bg7 {[%clk 1:31:34]} 7. Be3 {[%clk 1:27:15]} O-O
{[%clk 1:31:16]} 8. O-O {[%clk 1:25:39]} a6 {[%clk 1:30:58]} 9. h3
{[%clk 1:24:00]} Bd7 {[%clk 1:31:02]} 10. Qd2 {[%clk 1:21:12]} Nc6
{[%clk 1:29:26]} 11. Rad1 {[%clk 1:19:50]} Qc7 {[%clk 1:25:43]} 12. Nf3
{[%clk 1:15:53]} Rfd8 {[%clk 1:22:06]} 13. Rfe1 {[%clk 1:12:32]} Rf8
{[%clk 1:25:43]} 14. Rf1 {[%clk 1:15:53]} Rfd8 {[%clk 1:22:06]} 15. Rfe1
{[%clk 1:12:32]} b5 {[%clk 1:13:21]} 16. a3 {[%clk 1:02:44]} Rac8
{[%clk 1:02:09]} 17. Bd3 {[%clk 1:01:05]} Ne5 {[%clk 0:59:50]} 18. Nxe5
{[%clk 0:59:04]} dxe5 {[%clk 0:59:54]} 19. f3 {[%clk 0:57:44]} Be6
{[%clk 0:59:29]} 20. Qf2 {[%clk 0:57:38]} Qb7 {[%clk 0:56:19]} 21. Bf1
{[%clk 0:53:59]} Ne8 {[%clk 0:54:19]} 22. Rxd8 {[%clk 0:51:02]} Rxd8
{[%clk 0:54:46]} 23. Rd1 {[%clk 0:50:59]} Nd6 {[%clk 0:52:57]} 24. Nd5
{[%clk 0:43:28]} Rc8 {[%clk 0:44:33]} 25. Bc5 {[%clk 0:38:43]} Bf8
{[%clk 0:39:32]} 26. b4 {[%clk 0:33:33]} f6 {[%clk 0:35:04]} 27. Bxd6
{[%clk 0:28:13]} Bxd5 {[%clk 0:29:42]} 28. Bxe7 {[%clk 0:24:05]} Bxe7
{[%clk 0:30:00]} 29. Rxd5 {[%clk 0:24:18]} Rc3 {[%clk 0:30:17]} 30. Rd3
{[%clk 0:21:17]} Qc7 {[%clk 0:30:45]} 31. Rxc3 {[%clk 0:18:58]} Qxc3
{[%clk 0:31:04]} 32. Qa7 {[%clk 0:18:49]} Qd4+ {[%clk 0:30:51]} 33. Qxd4
{[%clk 0:18:35]} exd4 {[%clk 0:31:15]} 34. Kf2 {[%clk 0:18:01]} Bd8
{[%clk 0:30:51]} 35. Ke2 {[%clk 0:16:50]} Kf7 {[%clk 0:31:06]} 36. Kd2
{[%clk 0:15:45]} Ke6 {[%clk 0:30:06]} 37. a4 {[%clk 0:15:58]} bxa4
{[%clk 0:26:02]} 38. Bxa6 {[%clk 0:16:20]} f5 {[%clk 0:24:29]} 39. Kd3
{[%clk 0:12:51]} Bb6 {[%clk 0:23:22]} 40. Kc4 {[%clk 0:12:05]} fxe4
{[%clk 0:23:03]} 41. fxe4 {[%clk 0:12:27]} Kd6 {[%clk 0:22:46]} 42. Bb5
{[%clk 0:11:44]} Ke5 {[%clk 0:17:36]} 43. Bc6 {[%clk 0:12:01]} g5
{[%clk 0:15:20]} 44. Bd5 {[%clk 0:09:40]} Bd8 {[%clk 0:14:08]} 45. b5
{[%clk 0:08:44]} Bb6 {[%clk 0:13:43]} 46. Kb4 {[%clk 0:08:36]} h6
{[%clk 0:13:30]} 47. Kxa4 {[%clk 0:08:57]} Kd6 {[%clk 0:13:17]} 48. Kb4
{[%clk 0:09:03]} Ke5 {[%clk 0:13:41]} 49. Kc4 {[%clk 0:09:04]} Kd6
{[%clk 0:13:34]} 50. Bc6 {[%clk 0:09:01]} Ke5 {[%clk 0:13:41]} 51. Kd3
{[%clk 0:09:23]} h5 {[%clk 0:13:11]} 52. Be8 {[%clk 0:08:28]} h4 {[%clk 0:13:37]}
53. Bc6 {[%clk 0:07:44]} Ba7 {[%clk 0:13:00]} 54. c3 {[%clk 0:07:14]} dxc3
{[%clk 0:13:23]} 55. Kxc3 {[%clk 0:07:39]} Bc5 {[%clk 0:13:31]} 56. Kd3
{[%clk 0:08:00]} Bb6 {[%clk 0:13:54]} 57. Kd2 {[%clk 0:07:49]} Bc5
{[%clk 0:14:00]} 58. Kd3 {[%clk 0:07:50]} Bb6 {[%clk 0:14:15]} 59. Kc4
{[%clk 0:08:13]} Ba7 {[%clk 0:14:29]} 60. Kd3 {[%clk 0:07:11]} Bb6
{[%clk 0:14:47]} 61. Ke2 {[%clk 0:07:21]} Kf4 {[%clk 0:15:03]} 62. e5
{[%clk 0:06:35]} Kxe5 {[%clk 0:14:54]} 63. Kf3 {[%clk 0:06:38]} Kd6
{[%clk 0:14:35]} 64. Kg4 {[%clk 0:06:44]} Be3 {[%clk 0:14:54]} 1/2-1/2